<?xml version="1.0" encoding="UTF-8"?>
<record
    xmlns:xsi="http://www.w3.org/2001/XMLSchema-instance"
    xsi:schemaLocation="http://www.loc.gov/MARC21/slim http://www.loc.gov/standards/marcxml/schema/MARC21slim.xsd"
    xmlns="http://www.loc.gov/MARC21/slim">

  <leader>00715nam a22001337a 4500</leader>
  <datafield tag="040" ind1=" " ind2=" ">
    <subfield code="c">RUA</subfield>
  </datafield>
  <datafield tag="082" ind1=" " ind2=" ">
    <subfield code="a">AGR THO 2017 B644 Or.1</subfield>
  </datafield>
  <datafield tag="100" ind1=" " ind2=" ">
    <subfield code="a">THOEK SYKIM &#x1792;&#x17B9;&#x1780; &#x179F;&#x17B7;&#x1782;&#x17B8;&#x1798;</subfield>
  </datafield>
  <datafield tag="245" ind1=" " ind2=" ">
    <subfield code="a">effect of soil and crop management on soil quality in rice base cropping system &#x17A5;&#x1791;&#x17D2;&#x1792;&#x17B7;&#x1796;&#x179B;&#x1793;&#x17C3;&#x1780;&#x17B6;&#x179A;&#x1782;&#x17D2;&#x179A;&#x1794;&#x17CB;&#x1782;&#x17D2;&#x179A;&#x1784;&#x178A;&#x17B8;&#x1793;&#x17B7;&#x1784;&#x178A;&#x17C6;&#x178E;&#x17B6;&#x17C6;&#x179B;&#x17BE;&#x1782;&#x17BB;&#x178E;&#x1797;&#x17B6;&#x1796;&#x178A;&#x17B8;&#x1780;&#x17D2;&#x1793;&#x17B7;&#x1784;&#x1794;&#x17D2;&#x179A;&#x1796;&#x1793;&#x17D2;&#x1792;&#x178A;&#x17B6;&#x17C6;&#x178A;&#x17BB;&#x17C7;&#x178A;&#x17C6;&#x178E;&#x17B6;&#x17C6;&#x178A;&#x17C2;&#x179B;&#x1798;&#x17B6;&#x1793;&#x179F;&#x17D2;&#x179A;&#x17BC;&#x179C;&#x1787;&#x17B6;&#x1798;&#x17BC;&#x179B;&#x178A;&#x17D2;&#x178B;&#x17B6;&#x1793;  </subfield>
  </datafield>
  <datafield tag="260" ind1=" " ind2=" ">
    <subfield code="a">RUA</subfield>
    <subfield code="b">Phnom penh</subfield>
    <subfield code="c">2017</subfield>
  </datafield>
  <datafield tag="300" ind1=" " ind2=" ">
    <subfield code="a">vii;33p</subfield>
    <subfield code="b">ill;</subfield>
    <subfield code="c">29cm</subfield>
  </datafield>
  <datafield tag="856" ind1=" " ind2=" ">
    <subfield code="u">https://drive.google.com/file/d/1S70xGBXUd6QarCIgyV6oibqVuDR8Q_CE/view?usp=sharing</subfield>
  </datafield>
  <datafield tag="942" ind1=" " ind2=" ">
    <subfield code="c">AGR</subfield>
  </datafield>
  <datafield tag="999" ind1=" " ind2=" ">
    <subfield code="c">18181</subfield>
    <subfield code="d">18181</subfield>
  </datafield>
  <datafield tag="952" ind1=" " ind2=" ">
    <subfield code="0">0</subfield>
    <subfield code="1">0</subfield>
    <subfield code="2">ddc</subfield>
    <subfield code="4">0</subfield>
    <subfield code="6">AGR_THO_2017_000000000000000_B644_OR_1</subfield>
    <subfield code="7">0</subfield>
    <subfield code="9">81278</subfield>
    <subfield code="a">LBB</subfield>
    <subfield code="b">LBB</subfield>
    <subfield code="c">B644</subfield>
    <subfield code="d">2019-08-23</subfield>
    <subfield code="l">1</subfield>
    <subfield code="o">AGR THO 2017 B644 Or.1</subfield>
    <subfield code="p">A43787</subfield>
    <subfield code="r">2022-02-14</subfield>
    <subfield code="s">2022-01-14</subfield>
    <subfield code="w">2019-08-23</subfield>
    <subfield code="y">AGR</subfield>
  </datafield>
  <datafield tag="952" ind1=" " ind2=" ">
    <subfield code="0">0</subfield>
    <subfield code="1">0</subfield>
    <subfield code="2">ddc</subfield>
    <subfield code="4">0</subfield>
    <subfield code="6">AGR_THO_2017_000000000000000_B644_OR_2</subfield>
    <subfield code="7">0</subfield>
    <subfield code="9">81279</subfield>
    <subfield code="a">LBB</subfield>
    <subfield code="b">LBB</subfield>
    <subfield code="c">B644</subfield>
    <subfield code="d">2019-08-23</subfield>
    <subfield code="o">AGR THO 2017 B644 Or.2</subfield>
    <subfield code="p">A43862</subfield>
    <subfield code="r">2019-08-23</subfield>
    <subfield code="w">2019-08-23</subfield>
    <subfield code="y">AGR</subfield>
  </datafield>
  <datafield tag="952" ind1=" " ind2=" ">
    <subfield code="0">0</subfield>
    <subfield code="1">0</subfield>
    <subfield code="2">ddc</subfield>
    <subfield code="4">0</subfield>
    <subfield code="6">AGR_THO_2017_000000000000000_B644_OR_3</subfield>
    <subfield code="7">0</subfield>
    <subfield code="9">81280</subfield>
    <subfield code="a">LBB</subfield>
    <subfield code="b">LBB</subfield>
    <subfield code="c">B644</subfield>
    <subfield code="d">2019-08-23</subfield>
    <subfield code="l">1</subfield>
    <subfield code="o">AGR THO 2017 B644 Or.3</subfield>
    <subfield code="p">A43937</subfield>
    <subfield code="r">2025-12-31</subfield>
    <subfield code="s">2025-12-12</subfield>
    <subfield code="w">2019-08-23</subfield>
    <subfield code="y">AGR</subfield>
  </datafield>
  <datafield tag="952" ind1=" " ind2=" ">
    <subfield code="0">0</subfield>
    <subfield code="1">0</subfield>
    <subfield code="2">ddc</subfield>
    <subfield code="4">0</subfield>
    <subfield code="6">AGR_THO_2017_000000000000000_B644_OR_4</subfield>
    <subfield code="7">0</subfield>
    <subfield code="9">81281</subfield>
    <subfield code="a">LBB</subfield>
    <subfield code="b">LBB</subfield>
    <subfield code="c">B644</subfield>
    <subfield code="d">2019-08-23</subfield>
    <subfield code="o">AGR THO 2017 B644 Or.4</subfield>
    <subfield code="p">A44012</subfield>
    <subfield code="r">2019-08-23</subfield>
    <subfield code="w">2019-08-23</subfield>
    <subfield code="y">AGR</subfield>
  </datafield>
  <datafield tag="952" ind1=" " ind2=" ">
    <subfield code="0">0</subfield>
    <subfield code="1">0</subfield>
    <subfield code="2">ddc</subfield>
    <subfield code="4">0</subfield>
    <subfield code="6">AGR_THO_2017_000000000000000_B644_OR_5</subfield>
    <subfield code="7">0</subfield>
    <subfield code="9">81282</subfield>
    <subfield code="a">LBB</subfield>
    <subfield code="b">LBB</subfield>
    <subfield code="c">B644</subfield>
    <subfield code="d">2019-08-23</subfield>
    <subfield code="o">AGR THO 2017 B644 Or.5</subfield>
    <subfield code="p">A44087</subfield>
    <subfield code="r">2019-08-23</subfield>
    <subfield code="w">2019-08-23</subfield>
    <subfield code="y">AGR</subfield>
  </datafield>
  <datafield tag="952" ind1=" " ind2=" ">
    <subfield code="0">0</subfield>
    <subfield code="1">0</subfield>
    <subfield code="2">ddc</subfield>
    <subfield code="4">0</subfield>
    <subfield code="6">AGR_THO_2017_000000000000000_B644_OR_6</subfield>
    <subfield code="7">0</subfield>
    <subfield code="9">81283</subfield>
    <subfield code="a">LBB</subfield>
    <subfield code="b">LBB</subfield>
    <subfield code="c">B644</subfield>
    <subfield code="d">2019-08-23</subfield>
    <subfield code="l">1</subfield>
    <subfield code="o">AGR THO 2017 B644 Or.6</subfield>
    <subfield code="p">A43792</subfield>
    <subfield code="r">2019-11-04</subfield>
    <subfield code="s">2019-10-30</subfield>
    <subfield code="w">2019-08-23</subfield>
    <subfield code="y">AGR</subfield>
  </datafield>
</record>
